Vista normal
Vista MARC
Entrada Personal Name
Número de registros utilizados en: 1
001 - CONTROL NUMBER
- control field: 1485
003 - CONTROL NUMBER IDENTIFIER
- control field: OSt
005 - DATE AND TIME OF LATEST TRANSACTION
- control field: 20200312150811.0
008 - FIXED-LENGTH DATA ELEMENTS
- fixed length control field: 200312|| aca||aabn | a|a d
040 ## - CATALOGING SOURCE
- Original cataloging agency: OSt
- Transcribing agency: OSt
100 ## - HEADING--PERSONAL NAME
- Personal name: Liwska, Renata,
670 ## - SOURCE DATA FOUND
- Source citation: Work cat.: (OSt)4227: Laden, Nina, autora 1481, Había una vez un recuerdo /, 2015